|
|
|
|
| LEADER |
02805nam a2200373 a 4500 |
| 001 |
43095610 |
| 003 |
BD-DhAAL |
| 005 |
20250417095807.0 |
| 008 |
100301s2004 mduab b 001 0 eng c |
| 010 |
|
|
|a 99086958
|
| 020 |
|
|
|a 0763714070
|
| 020 |
|
|
|a 083421766X
|
| 040 |
|
|
|a NLM
|c NLM
|d MIA
|d CDS
|d NOH
|d ORE
|d DB-DhAAL
|
| 082 |
0 |
0 |
|a 614.5
|2 22
|
| 245 |
0 |
0 |
|a Infectious disease epidemiology :
|b theory and practice /
|c edited by Kenrad E. Nelson, Carolyn Masters Williams, Neil M.H. Graham.
|
| 260 |
|
|
|a Gaithersburg, Md.;
|a London :
|b Jones and Bartlett Publishers,
|c 2004.
|
| 263 |
|
|
|a 0003.
|
| 300 |
|
|
|a xx, 748 pages :
|b illustrations, maps ;
|c 26 cm.
|
| 504 |
|
|
|a Includes bibliographical references and index.
|
| 505 |
0 |
|
|a Pt. 1. Methods in infectious disease epidemiology. Early history of infectious disease: epidemiology and control of infectious diseases -- Epidemiology of infectious disease: general principles -- Study design -- Surveillance -- Outbreak epidemiology -- Mathematical modeling: the dynamics of infection -- Microbiology tools for the epidemiologist -- Molecular epidemiology and infectious diseases -- Geographic information systems -- Vaccines--past, present and future -- Nutrition and infectious diseases. Pt. 2. Emerging and nosocomial infections. Emerging and new infectious diseases --Nosocomial infections. Pt. 3. Airborne transmission. Tuberculosis -- Epidemiology of acute respiratory infections -- Epidemiology and prevention of influenza. Pt. 4. Diarrheal diseases. Diarreheal diseases. Pt. 5. Blood and body fluid as a reservoir of infectious diseases. Review of the epidemiology of human immunodeficiency virus infection and acquired immune deficiency syndrome -- Viral hepatitis -- Sexually transmitted diseases. Pt. 6. Vectoborne and parasite diseases. Lyme disease -- Epidemiology and control of malaria -- Epidemiology of helminth infections.
|
| 526 |
|
|
|x Salim khan
Sr. program Associate
James P. Grant School.
Course name and no. N/A
|
| 541 |
1 |
|
|a Karim International
|e 00018386
|
| 650 |
|
0 |
|a Communicable diseases
|x Epidemiology.
|9 29436
|
| 650 |
|
0 |
|a Epidemiology
|x Methodology.
|9 29437
|
| 650 |
1 |
2 |
|a Communicable Diseases
|x epidemiology.
|9 29438
|
| 650 |
2 |
2 |
|a Disease Outbreaks.
|9 29439
|
| 650 |
2 |
2 |
|a Epidemiologic Methods.
|9 29440
|
| 700 |
1 |
|
|a Nelson, Kenrad E.
|9 29441
|
| 700 |
1 |
|
|a Williams, Carolyn Masters.
|9 29442
|
| 700 |
1 |
|
|a Graham, Neil M. H.
|9 29443
|
| 852 |
4 |
|
|a Ayesha Abed Library
|j General Shelf.
|
| 942 |
|
|
|2 ddc
|c BK
|
| 999 |
|
|
|c 7683
|d 7683
|
| 952 |
|
|
|0 0
|1 0
|2 ddc
|4 0
|6 614_500000000000000_INF_2004
|7 0
|9 8415
|a BRACUL
|b BRACUL
|c GEN
|d 2010-03-01
|e Karim International
|g 7500.00
|l 2
|m 5
|o 614.5 INF
|p 3010018386
|r 2014-03-19
|s 2014-03-11
|t 1
|w 2010-03-01
|y BK
|x Requisitioned by Salim khan, Sr. program Associate, James P. Grant School. Course name and no. N/A
|